Nuovo cinema Paradiso /
Guardat en:
| Altres autors: | , , , , , , , , , , |
|---|---|
| Format: | |
| Idioma: | italià francès |
| Publicat: |
Bologna :
Poligrafici Editoriale,
[2005]
|
| Col·lecció: | I grandi successi del cinema italiano in DVD ;
1 |
| Etiquetes: |
Sense etiquetes, Sigues el primer a etiquetar aquest registre!
|
MARC
| LEADER | 00000ngm a2200000 i 4500 | ||
|---|---|---|---|
| 001 | IT\ICCU\UBO\2804855 | ||
| 003 | ItRI | ||
| 005 | 20260124182920.0 | ||
| 008 | 050908s2005 it |||||||||||||||k|||||c | ||
| 040 | |b ita | ||
| 041 | 7 | |a ita |a fre |2 ISO-639-2 | |
| 130 | 0 | |a Nuovo Cinema Paradiso <film ; 1988> |3 IT\ICCU\SCM\0064232 | |
| 245 | 0 | 0 | |a Nuovo cinema Paradiso / |c un film di Giuseppe Tornatore ; soggetto, sceneggiatura e regia di Giuseppe Tornatore ; musiche di Ennio Morricone ; scenografie di Andrea Crisanti ; direttore della fotografia Blasco Giurato ; montaggio di Mario Morra ; costumi Beatrice Bordone. |
| 246 | 1 | 3 | |a Nuovo cinema Paradiso <risorsa elettronica> |9 IT\ICCU\RAV\0949339 |
| 260 | |a Bologna : |b Poligrafici Editoriale, |c [2005] | ||
| 300 | |a 1 DVD video (118 min.) : |b color., son. ; |c in contenitore, 19 cm | ||
| 500 | |a Codice area: 2; formato video: widescreen, 1.85:1, ottimizzato per TV 16:9; audio Dolby digital mono (italiano e francese), 5.1 (italiano) | ||
| 500 | |a Tit. del contenitore | ||
| 500 | |a Ripr. del film del 1988, Italia, Francia; interpreti Philippe Noiret, Salvatore Cascio, Marco Leonardi, Jacques Perrin, Agnese Nano, Pupella Maggio, Leopoldo Trieste | ||
| 500 | |a Lingue: italiano, francese ; sottotitoli in inglese, francese, spagnolo e per non udenti in italiano | ||
| 500 | |a Supplemento a Il Giorno, La Nazione, Il Resto del Carlino, 2005. | ||
| 700 | 1 | |a Tornatore, Giuseppe, |d (1956- ) |0 IT\ICCU\CFIV\115151 | |
| 700 | 1 | |a Perrin, Jacques, |d (1941-2022) |0 IT\ICCU\LO1V\088907 | |
| 700 | 1 | |a Nano, Agnese |0 IT\ICCU\RAVV\308245 | |
| 700 | 1 | |a Bordone, Beatrice |0 IT\ICCU\RAVV\485359 | |
| 700 | 1 | |a Cascio, Salvatore, |d (1979- ) |0 IT\ICCU\SBNV\024863 | |
| 700 | 1 | |a Trieste, Leopoldo |0 IT\ICCU\TO0V\000685 | |
| 700 | 1 | |a Leonardi, Marco, |d (1971- ) |0 IT\ICCU\UBOV\484745 | |
| 700 | 1 | |a Maggio, Pupella |0 IT\ICCU\UBOV\490107 | |
| 700 | 1 | |a Giurato, Blasco |0 IT\ICCU\UFIV\121900 | |
| 700 | 1 | |a Noiret, Philippe |0 IT\ICCU\VEAV\000018 | |
| 700 | 1 | |a Morra, Mario, |d (1935-2024) |0 IT\ICCU\VEAV\462462 | |
| 790 | 1 | |a Cascio, Totò |3 IT\ICCU\SBNV\116282 |z Cascio, Salvatore (1979- ) | |
| 830 | 2 | |a I grandi successi del cinema italiano in DVD ; |v 1 |0 IT\ICCU\UBO\2804875 | |
| 942 | |2 ddc |c VM |n 0 | ||
| 952 | |0 0 |1 0 |4 0 |6 VO_1905_000000000000000 |7 0 |9 28001 |a BO |b BO |d 2026-01-24 |i 15255 |l 0 |o VO 1905 |p BO15255 |r 2026-01-24 18:29:20 |w 2026-01-24 |x [Sebina 5] [1 dvd] |y VM |z 1 dvd | ||
| 999 | |c 23730 |d 23730 | ||